zpět

Detail výsledku týmu

Restaurace Mamut, Most

Datum a čas kvízu

28.5 Celkem bodů Celkový počet nahraných bodů na tomto kvízu bez doplňovacích otázek.
7. Pořadí na kvízu Konečné umístění týmu na tomto kvízu.

Zaznamenané odpovědi

# Otázka Odpověď Body Výsledky
1. Minulý týden se v pražských Z... Bolt 1
2. Švýcarský výrobce nožů Victori... nebude obsahovat nožík/čepel 0
3. Pod kterým pseudonymem působí... Nemo 1
4. Objem daňových nedoplatků za l... Česká správa sociálního zabezpečení 1
5. Po dvanáctidenní plavbě dovezl... Marseille 0
6. Podíváme se do zemí či krajů,... Genovia, Anne Hathaway 0.5
7. Jak se nazývá chudé království... A) Monte Albo 1
8. Toto fiktivní království někol... Wakanda, vibranium 0.5
9. Přiřaďte tyto postavy z knižní... 1D 2C 3B 4A 0
10. Děj které humoristické novely... Rozmarné léto 1